[Event "MCRE_CF03"]
[Site "?"]
[Date "2005.??.??"]
[Round "?"]
[White "Pirhala, Ladislav"]
[Black "Kosar, Zdenek"]
[Result "1/2-1/2"]
[WhiteElo "2092"]
[BlackElo "2000"]
[PlyCount "63"]
[EventDate "2005.??.??"]
[EventType "corr"]
[EventRounds "2"]
[SourceDate "2004.06.03"]

1. e4 c5 2. Nf3 d6 3. d4 cxd4 4. Nxd4 Nf6 5. Nc3 a6 6. Bc4 e6 7. Bb3 b5 8. O-O
Be7 9. a3 Qc7 10. Re1 O-O 11. Bg5 Re8 12. Qd3 Nbd7 13. Qg3 Nh5 14. Qe3 Bxg5 15.
Qxg5 Nhf6 16. Rad1 Bb7 17. Qg3 Qc5 18. Nf3 Ne5 19. Nxe5 dxe5 20. Qd3 Re7 21.
Qe3 Qxe3 22. Rxe3 Rd7 23. Red3 Rxd3 24. cxd3 Rd8 25. f3 Kf8 26. Kf2 Nd7 27. Ke3
Rc8 28. d4 exd4+ 29. Rxd4 Ke7 30. g3 e5 31. Rd2 Nb6 32. h3 1/2-1/2

[Event "MCRE_CF03"]
[Site "?"]
[Date "2005.??.??"]
[Round "?"]
[White "Pirhala, Ladislav"]
[Black "Muzik, Martin"]
[Result "1-0"]
[WhiteElo "2092"]
[BlackElo "2071"]
[PlyCount "155"]
[EventDate "2005.??.??"]
[EventType "corr"]
[EventRounds "2"]
[SourceDate "2004.06.03"]

1. e4 c5 2. Nf3 Nc6 3. Nc3 e6 4. d4 cxd4 5. Nxd4 Qc7 6. Ncb5 Qb8 7. Be2 Nf6 8.
Bd3 a6 9. Nxc6 bxc6 10. Nc3 d5 11. O-O Bd6 12. f4 e5 13. Qf3 Bg4 14. Qg3 d4 15.
Na4 h5 16. h3 h4 17. Qf2 Bd7 18. c3 dxc3 19. bxc3 exf4 20. e5 Bxe5 21. Nb6 f3
22. Rb1 Qd6 23. Qxf3 O-O 24. Nxa8 Rxa8 25. Bg5 Bxc3 26. Bxh4 Be6 27. Rbd1 Bd5
28. Bh7+ Kxh7 29. Qxc3 Ne4 30. Qc2 Qc5+ 31. Qxc5 Nxc5 32. a3 Ne4 33. Bf2 g5 34.
Bd4 Kg6 35. Rb1 f5 36. Rb7 f4 37. Rg7+ Kh5 38. Re1 Re8 39. Rb7 Re6 40. Rb6 Bc4
41. a4 g4 42. hxg4+ Kxg4 43. Rb8 Bd5 44. Rg8+ Kh5 45. a5 Bc4 46. Bb6 Bd5 47.
Rf8 Ng5 48. Rxe6 Nxe6 49. Rg8 Ng5 50. Rb8 Kg4 51. Bd8 Ne6 52. Be7 Bc4 53. Bd6
Kf5 54. Kf2 Ke4 55. Rh8 Kd5 56. Bb8 Ke4 57. Rh4 Kf5 58. g3 fxg3+ 59. Bxg3 Bb5
60. Ke3 Bf1 61. Rh2 Bb5 62. Rf2+ Kg6 63. Bd6 Bc4 64. Ke4 Bd5+ 65. Ke5 Ng5 66.
Rf6+ Kh5 67. Bc5 Nf3+ 68. Kf4 Nh4 69. Bd6 Ng6+ 70. Ke3 Kg5 71. Rf2 Bc4 72. Ke4
Bb5 73. Bc5 Kh4 74. Rg2 Kh5 75. Be3 Ne7 76. Kf3 Nd5 77. Rg5+ Kh4 78. Bd2 1-0

[Event "MCRE_CF03"]
[Site "?"]
[Date "2005.??.??"]
[Round "?"]
[White "Pirhala, Ladislav"]
[Black "Pauschek, Roman"]
[Result "0-1"]
[WhiteElo "2092"]
[BlackElo "2172"]
[PlyCount "140"]
[EventDate "2005.??.??"]
[EventType "corr"]
[EventRounds "2"]
[SourceDate "2004.06.03"]

1. e4 e5 2. Nf3 Nc6 3. Bb5 a6 4. Ba4 Nf6 5. O-O Be7 6. Re1 b5 7. Bb3 d6 8. c3
O-O 9. d4 Bg4 10. Bd5 Nxd5 11. exd5 Na5 12. Qd3 Re8 13. dxe5 dxe5 14. Nxe5 Bd6
15. Qd4 Nc4 16. Nd3 Bf5 17. Rxe8+ Qxe8 18. Be3 Bxd3 19. Qxd3 Nxb2 20. Qe2 Nc4
21. Nd2 Qe5 22. Nf3 Qxd5 23. Bg5 h6 24. Bh4 f5 25. h3 f4 26. a4 Rb8 27. axb5
axb5 28. Re1 g5 29. Qc2 Qf7 30. Bxg5 hxg5 31. Nxg5 Qg7 32. Re6 Ne5 33. Qb3 Kh8
34. h4 Ra8 35. Qd1 f3 36. g3 Qg8 37. Qc1 Ng4 38. Re4 Ne5 39. Qf4 Rf8 40. Qe3
Qd5 41. Rd4 Qc6 42. Qe1 Rf6 43. Re4 Qd5 44. Qb1 Rh6 45. Rd4 Qc6 46. Qb3 Kg7 47.
Re4 Rf6 48. Qc2 b4 49. Re3 Rh6 50. Qc1 Qc4 51. Qe1 bxc3 52. Rxc3 Qg4 53. Re3
Qf5 54. Qc3 Rf6 55. Qa1 Kg6 56. Re4 Nf7 57. Qa8 Kg7 58. Qa4 Nxg5 59. hxg5 Rf7
60. Qd4+ Kg6 61. Rh4 Qe5 62. Qd3+ Rf5 63. Rh6+ Kg7 64. Kh2 Qb2 65. Rxd6 Qxf2+
66. Kh3 Qg2+ 67. Kg4 Rxg5+ 68. Kxg5 Qxg3+ 69. Kh5 cxd6 70. Qh7+ Kf6 0-1

[Event "MCRE_CF03"]
[Site "?"]
[Date "2005.??.??"]
[Round "?"]
[White "Pirhala, Ladislav"]
[Black "Stastny, Pavel"]
[Result "1-0"]
[WhiteElo "2092"]
[BlackElo "2000"]
[PlyCount "99"]
[EventDate "2005.??.??"]
[EventType "corr"]
[EventRounds "2"]
[SourceDate "2004.06.03"]

1. e4 c5 2. Nf3 e6 3. d4 cxd4 4. Nxd4 a6 5. Bd3 Bc5 6. Nb3 Be7 7. O-O d6 8. Be3
Nf6 9. a4 b6 10. f4 Bb7 11. Nc3 Nbd7 12. Nd2 Nc5 13. f5 O-O 14. Bxc5 dxc5 15.
Nc4 exf5 16. Rxf5 Re8 17. Qe2 Qd4+ 18. Kh1 Bc8 19. Rf3 Bg4 20. Rd1 Nd7 21. Nd5
Bxf3 22. gxf3 g6 23. c3 Qg7 24. Nc7 Qh6 25. Nxa8 Rxa8 26. e5 Qh3 27. Be4 Rd8
28. Bd5 b5 29. axb5 axb5 30. Nd6 Nxe5 31. Nb7 Rxd5 32. Rxd5 Nd7 33. Kg1 Bf8 34.
Nd6 Nf6 35. Rd1 b4 36. cxb4 cxb4 37. Qe3 Nh5 38. Ne4 Qf5 39. Rd8 Nf4 40. Qc5
Nh3+ 41. Kg2 Nf4+ 42. Kh1 Qxc5 43. Nxc5 Kg7 44. Na6 g5 45. Rd4 b3 46. Rd7 h5
47. Rb7 Bd6 48. Rxb3 Kf6 49. Rb5 Be5 50. b4 1-0

[Event "MCRE_CF03"]
[Site "?"]
[Date "2005.??.??"]
[Round "?"]
[White "Pirhala, Ladislav"]
[Black "Tkac, Leopold"]
[Result "1-0"]
[WhiteElo "2092"]
[BlackElo "2112"]
[PlyCount "71"]
[EventDate "2005.??.??"]
[EventType "corr"]
[EventRounds "2"]
[SourceDate "2004.06.03"]

1. e4 e5 2. Nf3 Nc6 3. Bb5 Nf6 4. O-O Be7 5. Re1 O-O 6. Bxc6 dxc6 7. Nxe5 Re8
8. d3 Bb4 9. c3 Rxe5 10. cxb4 Re8 11. Bf4 Qd4 12. Qd2 Be6 13. Qc3 Qd7 14. a4
Rad8 15. Ra3 Nh5 16. Be3 a6 17. Nd2 Qd6 18. f3 Bc8 19. Nc4 Qe7 20. g4 Nf6 21.
Bg5 Qf8 22. Ne3 Re6 23. Nf5 Rd7 24. Be3 h6 25. a5 Qd8 26. d4 h5 27. b5 hxg4 28.
bxa6 bxa6 29. Bg5 Nxe4 30. Bxd8 Nxc3 31. Rxe6 fxe6 32. Ne7+ Kf8 33. bxc3 Rxd8
34. Nxc6 Rd6 35. Ne5 Bb7 36. fxg4 1-0

[Event "MCRE_CF03"]
[Site "?"]
[Date "2005.??.??"]
[Round "?"]
[White "Stastny, Pavel"]
[Black "Cerveny, Libor"]
[Result "1-0"]
[WhiteElo "2000"]
[BlackElo "2094"]
[PlyCount "79"]
[EventDate "2005.??.??"]
[EventType "corr"]
[EventRounds "2"]
[SourceDate "2004.06.03"]

1. e4 e6 2. d4 d5 3. Nd2 Nc6 4. Ngf3 Nf6 5. e5 Nd7 6. Nb3 a5 7. a4 Be7 8. Bb5
Ncb8 9. O-O c6 10. Bd3 b6 11. Be3 Ba6 12. Ne1 O-O 13. Qg4 Bxd3 14. Nxd3 Kh8 15.
Rac1 Na6 16. c3 c5 17. c4 Nb4 18. Nxb4 axb4 19. cxd5 exd5 20. dxc5 Nxe5 21. Qf5
Nc4 22. Bd4 Rxa4 23. Rfd1 b5 24. Na1 Ra6 25. b3 Na5 26. Be3 Bf6 27. Rxd5 Qc8
28. Qd3 Nc6 29. Nc2 Qb8 30. Bd2 Re8 31. Nxb4 Nxb4 32. Bxb4 Be5 33. g3 Rc6 34.
Rd7 Rc7 35. c6 f6 36. Bd6 Bxd6 37. Qxd6 Rec8 38. Rd1 h6 39. Qe7 Rxd7 40. Rxd7
1-0

[Event "MCRE_CF03"]
[Site "?"]
[Date "2005.??.??"]
[Round "?"]
[White "Stastny, Pavel"]
[Black "Kosar, Zdenek"]
[Result "0-1"]
[WhiteElo "2000"]
[BlackElo "2000"]
[PlyCount "86"]
[EventDate "2005.??.??"]
[EventType "corr"]
[EventRounds "2"]
[SourceDate "2004.06.03"]

1. e4 c5 2. Nf3 d6 3. d4 cxd4 4. Nxd4 Nf6 5. Nc3 a6 6. Be3 e5 7. Nb3 Be6 8. f3
Nbd7 9. Qd2 b5 10. O-O-O Rc8 11. Kb1 Nb6 12. Qf2 Nfd7 13. Nd5 Bxd5 14. exd5 Nc4
15. Bc1 Be7 16. Bd3 O-O 17. Qg3 Bh4 18. Qh3 g6 19. f4 exf4 20. g3 Bf6 21. gxf4
Ndb6 22. f5 Na4 23. Rdg1 Qe8 24. fxg6 fxg6 25. Bf5 Rc7 26. Be6+ Kh8 27. Rf1 Qd8
28. Nd2 Nxd2+ 29. Bxd2 Nxb2 30. Rhg1 Nc4 31. Bc1 Ne5 32. Bb2 Rc4 33. Rf2 Rb4
34. c3 Rh4 35. Qg3 Bg7 36. Rxf8+ Bxf8 37. Bc1 Rc4 38. Rf1 Bg7 39. Bd2 Qb6 40.
Qf2 Qb8 41. Qg2 Rc7 42. Qh3 Nc4 43. Bh6 b4 0-1

[Event "MCRE_CF03"]
[Site "?"]
[Date "2005.??.??"]
[Round "?"]
[White "Stastny, Pavel"]
[Black "Muzik, Martin"]
[Result "1/2-1/2"]
[WhiteElo "2000"]
[BlackElo "2071"]
[PlyCount "44"]
[EventDate "2005.??.??"]
[EventType "corr"]
[EventRounds "2"]
[SourceDate "2004.06.03"]

1. e4 c5 2. Nf3 Nc6 3. Bb5 d6 4. Bxc6+ bxc6 5. O-O Bg4 6. d3 Nf6 7. Nbd2 e5 8.
h3 Bh5 9. c3 Be7 10. Qa4 Qc7 11. d4 exd4 12. cxd4 Nd7 13. b3 O-O 14. Ba3 cxd4
15. Nxd4 c5 16. Nf5 Bf6 17. Rac1 Bg6 18. Ne3 Nb6 19. Qb5 a5 20. Ng4 Be7 21. Ne3
Bf6 22. Ng4 Be7 1/2-1/2

[Event "MCRE_CF03"]
[Site "?"]
[Date "2005.??.??"]
[Round "?"]
[White "Stastny, Pavel"]
[Black "Pauschek, Roman"]
[Result "1/2-1/2"]
[WhiteElo "2000"]
[BlackElo "2172"]
[PlyCount "92"]
[EventDate "2005.??.??"]
[EventType "corr"]
[EventRounds "2"]
[SourceDate "2004.06.03"]

1. e4 e5 2. Nf3 Nc6 3. Bb5 a6 4. Ba4 Nf6 5. O-O Be7 6. Re1 b5 7. Bb3 d6 8. c3
O-O 9. h3 Na5 10. Bc2 c5 11. d4 Qc7 12. Nbd2 cxd4 13. cxd4 Nc6 14. Nb3 a5 15.
Be3 a4 16. Nbd2 Bd7 17. Rc1 Qb7 18. Qe2 Rfe8 19. Bd3 Rab8 20. dxe5 Nxe5 21.
Nxe5 dxe5 22. Nf3 Bb4 23. Bd2 Bf8 24. b4 a3 25. Qe3 Rbd8 26. Bb1 Bc6 27. Bc3
Nd7 28. Red1 f6 29. Bc2 Nb6 30. Nd2 Kh8 31. Nb3 Nc4 32. Qf3 Qf7 33. Nc5 Bd6 34.
Bb3 Qa7 35. Bxc4 bxc4 36. Qe3 Be7 37. f3 Rxd1+ 38. Rxd1 Rb8 39. Kh2 Bf8 40. Be1
h6 41. Kg1 Be7 42. Kh2 Be8 43. Bc3 Rb5 44. Qe2 Bxc5 45. bxc5 Kh7 46. Qxc4 Rxc5
1/2-1/2

[Event "MCRE_CF03"]
[Site "?"]
[Date "2005.??.??"]
[Round "?"]
[White "Stastny, Pavel"]
[Black "Pirhala, Ladislav"]
[Result "1/2-1/2"]
[WhiteElo "2000"]
[BlackElo "2092"]
[PlyCount "117"]
[EventDate "2005.??.??"]
[EventType "corr"]
[EventRounds "2"]
[SourceDate "2004.06.03"]

1. e4 e5 2. Nf3 Nc6 3. Bb5 a6 4. Ba4 Nf6 5. O-O Be7 6. Re1 b5 7. Bb3 d6 8. c3
O-O 9. h3 Na5 10. Bc2 c5 11. d4 Qc7 12. Nbd2 cxd4 13. cxd4 Nc6 14. Nb3 a5 15.
Be3 a4 16. Nbd2 Nb4 17. Bb1 a3 18. Qb3 Qa5 19. bxa3 Qxa3 20. Qxa3 Rxa3 21. dxe5
dxe5 22. Nxe5 Be6 23. Ndf3 Nd7 24. Nxd7 Bxd7 25. e5 Nd5 26. Bc1 Ra5 27. Rd1 b4
28. Bb2 Rc8 29. Be4 Nb6 30. Nd2 Be6 31. Bd4 Nd7 32. Nb3 Rxa2 33. Rxa2 Bxb3 34.
Raa1 Bxd1 35. Rxd1 Nf8 36. Bb2 Ne6 37. Kf1 Nc5 38. Bf3 Na4 39. Rd7 Kf8 40. Bd4
Nc5 41. Bxc5 Rxc5 42. Rd5 b3 43. Rxc5 Bxc5 44. Be4 h5 45. Ke2 h4 46. Kd3 Bxf2
47. Kc3 Ke7 48. Bd3 Bg3 49. Kxb3 Bxe5 50. Kc4 Kd6 51. Be4 Bb2 52. Kd3 Ke5 53.
Ke3 Ba3 54. Kf3 f5 55. Bb7 Bd6 56. Bc8 Kf6 57. Bd7 g5 58. Bc8 Ke5 59. Bd7
1/2-1/2

[Event "MCRE_CF03"]
[Site "?"]
[Date "2005.??.??"]
[Round "?"]
[White "Stastny, Pavel"]
[Black "Tkac, Leopold"]
[Result "1/2-1/2"]
[WhiteElo "2000"]
[BlackElo "2112"]
[PlyCount "63"]
[EventDate "2005.??.??"]
[EventType "corr"]
[EventRounds "2"]
[SourceDate "2004.06.03"]

1. e4 e5 2. Nf3 Nc6 3. Bb5 a6 4. Ba4 Nf6 5. O-O Be7 6. Re1 b5 7. Bb3 O-O 8. c3
d6 9. h3 Bb7 10. d4 Re8 11. Nbd2 exd4 12. cxd4 Na5 13. Bc2 c5 14. d5 Nd7 15.
Nf1 Nc4 16. Ne3 Nxe3 17. Bxe3 Nf8 18. Rb1 Ng6 19. Qd2 Bf6 20. a3 Rc8 21. b3 a5
22. Qe2 b4 23. a4 c4 24. bxc4 Ba6 25. Bd3 Qd7 26. Qa2 Be5 27. Red1 Qd8 28. Qd2
h6 29. Nd4 Nf4 30. Bxf4 Bxf4 31. Bc2 Qd7 32. Rdc1 1/2-1/2

[Event "MCRE_CF03"]
[Site "?"]
[Date "2005.??.??"]
[Round "?"]
[White "Tkac, Leopold"]
[Black "Cerveny, Libor"]
[Result "1-0"]
[WhiteElo "2112"]
[BlackElo "2094"]
[PlyCount "107"]
[EventDate "2005.??.??"]
[EventType "corr"]
[EventRounds "2"]
[SourceDate "2004.06.03"]

1. e4 c6 2. d4 d5 3. Nc3 dxe4 4. Nxe4 Nd7 5. Bc4 Ngf6 6. Nxf6+ Nxf6 7. c3 Qc7
8. Ne2 e6 9. O-O Bd6 10. Ng3 h5 11. Re1 h4 12. Nf1 h3 13. g3 c5 14. d5 e5 15.
Bg5 Bg4 16. Bb5+ Bd7 17. Bxd7+ Nxd7 18. Qg4 f6 19. Bd2 O-O-O 20. c4 Kb8 21.
Rab1 Nf8 22. b4 g6 23. bxc5 Bxc5 24. Rb5 f5 25. Qe2 Nd7 26. Reb1 Rc8 27. Rxb7+
Qxb7 28. Rxb7+ Kxb7 29. Be3 Bb6 30. Nd2 Rhf8 31. Qf1 Kc7 32. Qxh3 Rh8 33. Qg2
Bxe3 34. fxe3 Kd6 35. e4 Rhf8 36. Qf3 Nc5 37. Qa3 Rc7 38. h4 Rg8 39. Nb3 Rb8
40. exf5 gxf5 41. Kf2 Rb6 42. Nxc5 Rxc5 43. Ke2 a5 44. Qe3 Rb2+ 45. Kd3 Rb4 46.
Qh6+ Kc7 47. Qg7+ Kb6 48. Qf6+ Kb7 49. Qe7+ Rc7 50. d6 e4+ 51. Ke3 Rxe7 52.
dxe7 Rxc4 53. e8=Q Rc3+ 54. Kd2 1-0

[Event "MCRE_CF03"]
[Site "?"]
[Date "2005.??.??"]
[Round "?"]
[White "Tkac, Leopold"]
[Black "Kosar, Zdenek"]
[Result "1/2-1/2"]
[WhiteElo "2112"]
[BlackElo "2000"]
[PlyCount "56"]
[EventDate "2005.??.??"]
[EventType "corr"]
[EventRounds "2"]
[SourceDate "2004.06.03"]

1. Nf3 d5 2. d4 e6 3. c4 c6 4. Bg5 Be7 5. Bxe7 Qxe7 6. e3 Nd7 7. cxd5 exd5 8.
Bd3 Ngf6 9. O-O Nb6 10. Qc2 Bg4 11. Ne5 Bh5 12. Nd2 Bg6 13. Nxg6 hxg6 14. Nf3
Nbd7 15. b4 Ne4 16. Rac1 a6 17. a4 Rd8 18. b5 axb5 19. axb5 c5 20. Rfd1 O-O 21.
Bxe4 dxe4 22. Nd2 cxd4 23. Qxe4 Qxe4 24. Nxe4 dxe3 25. fxe3 Ne5 26. Nd6 Rd7 27.
Rd4 f6 28. h3 g5 1/2-1/2

[Event "MCRE_CF03"]
[Site "?"]
[Date "2005.??.??"]
[Round "?"]
[White "Tkac, Leopold"]
[Black "Muzik, Martin"]
[Result "1-0"]
[WhiteElo "2112"]
[BlackElo "2071"]
[PlyCount "79"]
[EventDate "2005.??.??"]
[EventType "corr"]
[EventRounds "2"]
[SourceDate "2004.06.03"]

1. d4 d5 2. Nf3 Nc6 3. c4 Bg4 4. cxd5 Bxf3 5. exf3 Qxd5 6. Be3 e6 7. Nc3 Qh5 8.
g4 Qh4 9. Qa4 O-O-O 10. O-O-O h5 11. d5 exd5 12. Nxd5 hxg4 13. Bb5 Rd6 14. fxg4
Nf6 15. Nxf6 Rxd1+ 16. Rxd1 Qxf6 17. Kb1 Rxh2 18. Bxa7 Qf3 19. Bd3 Bd6 20. Be4
Qe2 21. Be3 Kd8 22. Rc1 Ke7 23. Bxc6 bxc6 24. Qxc6 Be5 25. Qb7 Qd3+ 26. Ka1 f6
27. Qb4+ Kf7 28. a4 g5 29. Qc4+ Qxc4 30. Rxc4 f5 31. Rc5 Kf6 32. gxf5 Rh4 33.
a5 Ra4+ 34. Kb1 Kxf5 35. Bxg5 Ke6 36. Bd2 Kd6 37. b4 Bd4 38. Rc4 Ra1+ 39. Kc2
Bxf2 40. Bf4+ 1-0

[Event "MCRE_CF03"]
[Site "?"]
[Date "2005.??.??"]
[Round "?"]
[White "Tkac, Leopold"]
[Black "Pauschek, Roman"]
[Result "1/2-1/2"]
[WhiteElo "2112"]
[BlackElo "2172"]
[PlyCount "54"]
[EventDate "2005.??.??"]
[EventType "corr"]
[EventRounds "2"]
[SourceDate "2004.06.03"]

1. d4 d5 2. Nf3 Nf6 3. c4 e6 4. Bg5 Be7 5. Nc3 h6 6. Bh4 O-O 7. e3 b6 8. Bd3
Bb7 9. O-O Nbd7 10. cxd5 Nxd5 11. Nxd5 Bxd5 12. Bg3 c5 13. Rc1 Nf6 14. Be5 cxd4
15. Bc7 Qd7 16. Nxd4 Bd6 17. Nb5 Bxc7 18. Rxc7 Qd8 19. Rc1 e5 20. Nc7 Rc8 21.
Nxd5 Qxd5 22. Bc4 Qxd1 23. Rfxd1 Rfd8 24. Rxd8+ Rxd8 25. b4 g5 26. Bb3 Kg7 27.
Kf1 Rd7 1/2-1/2

[Event "MCRE_CF03"]
[Site "?"]
[Date "2005.??.??"]
[Round "?"]
[White "Tkac, Leopold"]
[Black "Pirhala, Ladislav"]
[Result "0-1"]
[WhiteElo "2112"]
[BlackElo "2092"]
[PlyCount "74"]
[EventDate "2005.??.??"]
[EventType "corr"]
[EventRounds "2"]
[SourceDate "2004.06.03"]

1. d4 d5 2. Nf3 Nc6 3. c4 e6 4. Nc3 Bb4 5. e3 Nf6 6. Bd3 dxc4 7. Bxc4 O-O 8.
O-O b6 9. Bd2 Bb7 10. a3 Be7 11. Be2 Nb8 12. b4 Nbd7 13. Qb3 a6 14. a4 Bd6 15.
b5 c5 16. bxa6 Bxa6 17. Bxa6 Rxa6 18. Nb5 Be7 19. Rac1 Qb8 20. Rc4 Qb7 21. Ng5
Raa8 22. Rfc1 Rfc8 23. f3 h6 24. Nh3 e5 25. Nf2 exd4 26. exd4 cxd4 27. Nxd4
Rxc4 28. Rxc4 Qd5 29. Ne4 Bc5 30. Nxf6+ Nxf6 31. Be3 Qe5 32. Kh1 b5 33. Rxc5
Qxc5 34. Nxb5 Qe5 35. Bg1 Rd8 36. Qc3 Qxc3 37. Nxc3 Rc8 0-1

[Event "MCRE_CF03"]
[Site "?"]
[Date "2005.??.??"]
[Round "?"]
[White "Tkac, Leopold"]
[Black "Stastny, Pavel"]
[Result "1/2-1/2"]
[WhiteElo "2112"]
[BlackElo "2000"]
[PlyCount "56"]
[EventDate "2005.??.??"]
[EventType "corr"]
[EventRounds "2"]
[SourceDate "2004.06.03"]

1. d4 Nf6 2. Bf4 d5 3. e3 c5 4. Nc3 e6 5. Nf3 a6 6. Bd3 c4 7. Be2 Bb4 8. O-O
Bxc3 9. bxc3 Ne4 10. Qe1 O-O 11. a4 Nc6 12. Ne5 Nxe5 13. Bxe5 Qa5 14. Ra3 f6
15. Bf4 e5 16. dxe5 Qc5 17. Ra1 g5 18. f3 Nxc3 19. Qxc3 gxf4 20. Rfd1 Be6 21.
exf6 Rae8 22. Rd4 Rxf6 23. e4 dxe4 24. fxe4 b5 25. axb5 axb5 26. Kh1 b4 27. Qd2
Kg7 28. Re1 Bf7 1/2-1/2